000 00302nam a22001337a 4500
008 170418b xxu||||| |||| 00| 0 eng d
020 _a01693867903200330769182010
041 _aeng
080 _a573
100 _a11
101 _aSHM
245 _aBIOLOGY & PHILOSOPHY
_cHALL. B.K
942 _2udc
_cBK
999 _c10992
_d10992